[Event "Equeurdreville de la Manche-ch"]
[Site "Equeurdreville"]
[Date "2016.02.28"]
[Round "3"]
[White "Ledoux, Jean Luc"]
[Black "Robert, Sarah"]
[Result "1-0"]
[WhiteElo "2049"]
[BlackElo "1136"]
[PlyCount "47"]
[EventDate "2016.02.27"]
[EventType "swiss"]
[EventRounds "6"]
[EventCountry "FRA"]
[SourceTitle "EXT 2024"]
[Source "ChessBase"]
[SourceDate "2023.10.10"]
[SourceVersion "1"]
[SourceVersionDate "2023.10.10"]
[SourceQuality "1"]

1. d4 d5 2. c4 e6 3. Nc3 Nf6 4. cxd5 exd5 5. Qc2 Be7 6. Bg5 Nbd7 7. e3 0-0 8. Bd3 c6 9. Nge2 Re8 10. 0-0 h6 11. Bh4 g6 12. Bxg6 fxg6 13. Qxg6+ Kf8 14. Nf4 Nb6 15. Qxh6+ Kf7 16. Qg6+ Kf8 17. Bg5 Ng8 18. Nh5 Bf6 19. Bxf6 Qd7 20. Bg7+ Ke7 21. Nf6 Qe6 22. Qxe8+ Kd6 23. Qxg8 Qe7 24. Bf8 1-0

[Event "Agneaux St Lo Coquereau op"]
[Site "Agneaux"]
[Date "2013.07.09"]
[Round "4"]
[White "Gallon, Willy"]
[Black "Ledoux, Jean Luc"]
[Result "0-1"]
[WhiteElo "2027"]
[BlackElo "2055"]
[PlyCount "86"]
[EventDate "2013.07.07"]
[EventType "swiss"]
[EventRounds "9"]
[EventCountry "FRA"]
[SourceTitle "EXT 2014"]
[Source "ChessBase"]
[SourceDate "2013.11.20"]
[SourceVersion "1"]
[SourceVersionDate "2013.11.20"]
[SourceQuality "1"]

1. e4 c6 2. d4 d5 3. f3 dxe4 4. fxe4 e5 5. Nf3 Bg4 6. Bc4 Nd7 7. 0-0 Ngf6 8. c3 Bd6 9. Nbd2 0-0 10. Qe1 b5 11. Bb3 c5 12. d5 c4 13. Bc2 Ne8 14. Qg3 f5 15. exf5 Bxf5 16. Ne4 Bxe4 17. Bxe4 Qb6+ 18. Kh1 Nef6 19. Bh6 Rf7 20. Bf5 e4 21. Qg5 exf3 22. Be6 Kh8 23. Bxf7 gxh6 24. Qd2 Rf8 25. Be6 Ne4 26. Qc2 Ndc5 27. gxf3 Ng5 28. Bf5 Bf4 29. b4 cxb3 30. axb3 Qf6 31. Bg4 a6 32. b4 Na4 33. c4 Be5 34. Rae1 Bc3 35. Rb1 Qd6 36. Rbd1 Qg6 37. Qb3 h5 38. Bd7 Nxf3 39. c5 Qe4 40. Qb1 Qe2 41. Rxf3 Qxf3+ 42. Kg1 Qf2+ 43. Kh1 Be5 0-1

[Event "NATO-ch 22nd"]
[Site "Kaunas"]
[Date "2011.08.12"]
[Round "7"]
[White "Ledoux, Jean Luc"]
[Black "Ross, David C"]
[Result "1-0"]
[WhiteElo "2074"]
[BlackElo "1925"]
[PlyCount "55"]
[EventDate "2011.08.08"]
[EventType "swiss"]
[EventRounds "7"]
[EventCountry "LTU"]
[SourceTitle "CBM 143 Extra"]
[Source "ChessBase"]
[SourceDate "2011.08.29"]
[SourceVersion "1"]
[SourceVersionDate "2011.08.29"]
[SourceQuality "1"]

1. Nf3 e6 2. d4 Nf6 3. c4 d5 4. Nc3 c5 5. e3 Be7 6. Bd3 Nc6 7. a3 a6 8. 0-0 Qc7 9. Bd2 dxc4 10. Bxc4 b5 11. Ba2 cxd4 12. exd4 Bb7 13. Rc1 Qd6 14. Ne2 Nd5 15. Ng3 Nf6 16. Be3 h5 17. Ng5 Nd5 18. Qf3 Bxg5 19. Ne4 Qd7 20. Nxg5 Nf6 21. Qh3 Nd8 22. f4 Bd5 23. Bb1 Ng4 24. f5 f6 25. Ne4 e5 26. dxe5 Nxe5 27. Rfd1 Qf7 28. Nd6+ 1-0

[Event "NATO-ch 22nd"]
[Site "Kaunas"]
[Date "2011.08.10"]
[Round "4"]
[White "Jauk, Wilhelm"]
[Black "Ledoux, Jean Luc"]
[Result "1-0"]
[WhiteElo "2164"]
[BlackElo "2074"]
[PlyCount "129"]
[EventDate "2011.08.08"]
[EventType "swiss"]
[EventRounds "7"]
[EventCountry "LTU"]
[SourceTitle "CBM 143 Extra"]
[Source "ChessBase"]
[SourceDate "2011.08.29"]
[SourceVersion "1"]
[SourceVersionDate "2011.08.29"]
[SourceQuality "1"]

1. d4 Nf6 2. Nf3 e6 3. Bg5 d5 4. e3 Be7 5. Nbd2 Nbd7 6. Bd3 0-0 7. 0-0 c5 8. c3 Qc7 9. Rc1 b6 10. Bb1 Bb7 11. Qc2 g6 12. Rfd1 Bd6 13. Bh4 Rac8 14. Bg3 Bxg3 15. hxg3 e5 16. Nxe5 Nxe5 17. dxe5 Qxe5 18. Qa4 Bc6 19. Qf4 Qxf4 20. gxf4 Bb5 21. Nf3 Be2 22. Rd2 Bxf3 23. gxf3 Rfe8 24. Rcd1 b5 25. Bd3 c4 26. Bf1 a5 27. a3 Rc7 28. f5 g5 29. Rd4 Kg7 30. f4 gxf4 31. Rxf4 b4 32. axb4 axb4 33. Bg2 Re5 34. cxb4 Rb7 35. Rxc4 dxc4 36. Bxb7 Rb5 37. Bf3 Rxb4 38. Rd2 Kh6 39. Rc2 Nd7 40. Bd5 Ne5 41. Kg2 Rb5 42. Bxc4 Nxc4 43. Rxc4 Rxb2 44. Rg4 f6 45. Kg3 Kh5 46. f3 Rb8 47. Kf4 Kh6 48. Rg1 Ra8 49. Ke4 Re8+ 50. Kd4 Rd8+ 51. Kc4 Rd7 52. e4 Rg7 53. Rxg7 Kxg7 54. Kd4 Kf8 55. Ke3 Ke7 56. f4 Ke8 57. e5 Ke7 58. Kf3 Kf7 59. Kg4 Kf8 60. Kh5 Kg7 61. e6 Kf8 62. Kh6 Kg8 63. e7 Kf7 64. Kxh7 Kxe7 65. Kg7 1-0

[Event "NATO-ch 21st"]
[Site "Koge"]
[Date "2010.10.22"]
[Round "7"]
[White "Demjen, Attila"]
[Black "Ledoux, Jean Luc"]
[Result "0-1"]
[WhiteElo "2026"]
[BlackElo "2084"]
[PlyCount "64"]
[EventDate "2010.10.18"]
[EventType "swiss"]
[EventRounds "7"]
[EventCountry "DEN"]
[SourceTitle "EXT 2011"]
[Source "ChessBase"]
[SourceDate "2010.11.26"]
[SourceVersion "1"]
[SourceVersionDate "2010.11.26"]
[SourceQuality "1"]

1. e4 c6 2. d4 d5 3. exd5 cxd5 4. c4 Nf6 5. Nc3 e6 6. Nf3 Be7 7. a3 0-0 8. c5 Ne4 9. Qc2 f5 10. b4 Nc6 11. Bb5 Bf6 12. Bxc6 bxc6 13. 0-0 Qc7 14. a4 g5 15. Bb2 Kh8 16. Ne5 Bxe5 17. dxe5 Nxc3 18. Bxc3 Bd7 19. f4 g4 20. Qf2 Qd8 21. Rfb1 a6 22. b5 cxb5 23. axb5 Bxb5 24. Ba5 Qe7 25. Bb4 Bc6 26. h3 Rg8 27. h4 g3 28. Qd2 Bb5 29. Bc3 Qxh4 30. Rxb5 Qh2+ 31. Kf1 Qh1+ 32. Ke2 Qxg2+ 0-1

[Event "NATO-ch 21st"]
[Site "Koge"]
[Date "2010.10.21"]
[Round "5"]
[White "Voroblievas, Arturas"]
[Black "Ledoux, Jean Luc"]
[Result "0-1"]
[WhiteElo "1890"]
[BlackElo "2084"]
[PlyCount "124"]
[EventDate "2010.10.18"]
[EventType "swiss"]
[EventRounds "7"]
[EventCountry "DEN"]
[SourceTitle "EXT 2011"]
[Source "ChessBase"]
[SourceDate "2010.11.26"]
[SourceVersion "1"]
[SourceVersionDate "2010.11.26"]
[SourceQuality "1"]

1. e4 c6 2. d4 d5 3. Nc3 dxe4 4. Nxe4 Bf5 5. Ng3 Bg6 6. h4 h6 7. Nf3 Nd7 8. h5 Bh7 9. Bd3 Bxd3 10. Qxd3 e6 11. Bf4 Qa5+ 12. Bd2 Qc7 13. 0-0-0 Ngf6 14. c4 0-0-0 15. Ne4 Nc5 16. Nxc5 Bxc5 17. g3 Ng4 18. Rhf1 Ne5 19. Nxe5 Qxe5 20. Be3 Qxh5 21. Qc3 Bb6 22. c5 Bc7 23. Rd3 Qd5 24. Qb4 b5 25. cxb6 axb6 26. Rfd1 Kb7 27. Qe7 Rd7 28. Qb4 Bd6 29. Qd2 Qxa2 30. Qc2 Bb4 31. Qe2 Ra8 32. Kc2 Qc4+ 33. Kb1 Qd5 34. Rc1 Ra4 35. Qd1 Qa5 36. Rb3 Ra1+ 37. Kc2 Qf5+ 38. Rd3 Ra5 39. Ra1 Rdd5 40. g4 Rxa1 41. Qxa1 Qxg4 42. Qa4 Qe2+ 43. Bd2 Bxd2 44. Rxd2 Qb5 45. Qa3 Qc4+ 46. Kb1 c5 47. Qf3 f5 48. dxc5 Qe4+ 49. Qxe4 fxe4 50. Re2 bxc5 51. Rxe4 e5 52. f4 exf4 53. Rxf4 Kc6 54. Rf7 g5 55. Rh7 Rd6 56. Rg7 Kd5 57. Kc2 Ke4 58. Rc7 Kd4 59. Kd2 Kc4+ 60. Kc2 Rf6 61. b3+ Kd4 62. Rd7+ Ke4 0-1

[Event "FRA-chT3 Gr06 0607"]
[Site "France"]
[Date "2007.04.01"]
[Round "9.4"]
[White "Le Corre, Patrick"]
[Black "Ledoux, Jean Luc"]
[Result "0-1"]
[WhiteElo "1985"]
[BlackElo "2076"]
[PlyCount "72"]
[EventDate "2006.10.15"]
[EventType "team"]
[EventRounds "9"]
[EventCountry "FRA"]
[SourceTitle "EXT 2008"]
[Source "ChessBase"]
[SourceDate "2007.11.25"]
[SourceVersion "1"]
[SourceVersionDate "2007.11.25"]
[SourceQuality "1"]
[WhiteTeam "Queven"]
[BlackTeam "Cherbourg Octeville"]
[WhiteTeamCountry "FRA"]
[BlackTeamCountry "FRA"]

1. e4 c6 2. d4 d5 3. exd5 cxd5 4. c4 Nf6 5. Nc3 e6 6. c5 Be7 7. Nf3 0-0 8. b4 Ne4 9. Qc2 Nc6 10. a3 f5 11. Bb5 a5 12. Rb1 axb4 13. axb4 Bf6 14. Bxc6 bxc6 15. 0-0 Ba6 16. Re1 Qb8 17. Na4 Bb5 18. Nc3 Rf7 19. h4 h6 20. g3 Nxg3 21. Nxb5 cxb5 22. Rxe6 Ne4 23. Qb3 Qc8 24. Rb6 Qe8 25. Bf4 Kh8 26. Re1 Rd8 27. Qd3 Re7 28. Ne5 Bxe5 29. Bxe5 Qh5 30. Qh3 Kh7 31. Kg2 Ra8 32. Bf4 Nxf2 33. Kxf2 Ra2+ 34. Kg3 Ra3+ 35. Re3 Raxe3+ 36. Bxe3 Rxe3+ 0-1

[Event "Agneaux St Lo op 03rd"]
[Site "Agneaux"]
[Date "1999.??.??"]
[Round "2"]
[White "Ledoux, Jean Luc"]
[Black "Nevednichy, Vladislav"]
[Result "0-1"]
[WhiteElo "1940"]
[BlackElo "2505"]
[PlyCount "50"]
[EventDate "1999.02.??"]
[EventType "swiss"]
[EventRounds "7"]
[EventCountry "FRA"]
[SourceTitle "EXT 2000"]
[Source "ChessBase"]
[SourceDate "1999.11.16"]
[SourceVersion "1"]
[SourceVersionDate "1999.11.16"]
[SourceQuality "1"]

1. d4 Nf6 2. c4 g6 3. Nc3 Bg7 4. g3 0-0 5. Nf3 d6 6. Bg2 Nbd7 7. 0-0 e5 8. e4 exd4 9. Nxd4 a6 10. h3 Re8 11. b3 Rb8 12. Bb2 Ne5 13. f4 Ned7 14. Qd2 c6 15. Rad1 Qb6 16. Kh2 Nc5 17. Rfe1 a5 18. Qc2 Ra8 19. Nxc6 bxc6 20. e5 dxe5 21. fxe5 Nfd7 22. Rd6 Bb7 23. Nd5 Qd8 24. Nf4 Qc7 25. Qf2 Bxe5 0-1